Círculos de calidad teoría y práctica /

Uloženo v:
Podrobná bibliografie
Hlavní autor: Palom Izquierdo, Francisco Javier
Korporativní autor: e-libro, Corp
Médium: E-kniha
Jazyk:španělština
Vydáno: Barcelona : Marcombo, 1991.
Edice:Productica ; 5
Témata:
On-line přístup:https://elibro.unach.elogim.com/es/lc/unach/titulos/45839
Tagy: Přidat tag
Žádné tagy, Buďte první, kdo vytvoří štítek k tomuto záznamu!

MARC

LEADER 00000nam a2200000 a 4500
001 ELB45839
003 FlNmELB
006 m o d |
007 cr cn|||||||||
008 200912r1991 sp |||||s|||||||||||spa d
020 |z 9788426706751 
035 |a (MiAaPQ)EBC3184779 
035 |a (Au-PeEL)EBL3184779 
035 |a (CaPaEBR)ebr10344966 
035 |a (OCoLC)928927576 
040 |a FlNmELB  |b spa  |c FlNmELB 
050 4 |a TS156  |b P181 1991 
080 |a 658.562  
082 0 4 |a 658.562  |2 22 
100 1 |a Palom Izquierdo, Francisco Javier. 
245 1 0 |a Círculos de calidad  |h [recurso electronico] :  |b teoría y práctica /  |c Francisco Javier Palom Izquierdo. 
260 |a Barcelona :  |b Marcombo,  |c 1991. 
300 |a 141 p. 
440 0 |a Productica ;  |v 5 
533 |a Recurso electrónico. Santa Fe, Arg.: e-libro, 2015. Disponible vía World Wide Web. El acceso puede estar limitado para las bibliotecas afiliadas a e-libro. 
650 4 |a Control de calidad. 
650 4 |a Empresas. 
650 4 |a Quality control. 
650 4 |a Business enterprises. 
655 4 |a Libros electrónicos. 
710 2 |a e-libro, Corp. 
856 4 0 |u https://elibro.unach.elogim.com/es/lc/unach/titulos/45839